000 00939nam a2200253Ia 4500
003 OSt
005 20221005113232.0
006 a|||||r|||| 00| 0
007 ta
008 221004b |||||||| |||| 00| 0 pan d
020 _a9789380906645 (hbk)
_c2800
024 _a26561
037 _b993, 17/12/2015, H.K. Prakashan
_cTextual
040 _aCRL
_cCRL
_bpan
041 _2pan
_apan
082 _aQ8441wk, 153P5;Q4.1-.4
100 _aਜੱਗੀ, ਰਤਨ ਸਿੰਘ
245 0 _aਸਿੱਖ ਪੰਥ ਵਿFਵਕੋF
_b ਸੋਧਿਆ ਅਤੇ ਵਧਾਇਆ ਹੋਇਆ ਸੰਸਕਰਣ
260 _aਪਟਿਆਲਾ
_bਗ੍ਰੇFਿਅਸ ਭਾਰਤ
_c2014
490 _vਭਾਗ ਪਹਿਲਾ
650 _aਧਰਮ
942 _hQ8441wk, 153P5;Q4.1-.4
_cTEXL
_2cc
999 _c1027494
_d1027494